000 00646nam a2200205 a 4500
001 000027731
003 OSt
005 20200930031042.0
008 110404s1989 dr a 000 | eng d
040 _aDO-SdBNP
_bspa
_cBNPHU
100 1 _aGrullón, Valerie
_954807
245 1 0 _aRemembrances and recipes of the Dominican Republic /
_cValerie Grullón, Susan Pichardo.
260 _aSanto Domingo :
_bEditora Corripio;,
_c1989.
300 _a94 p. :
_bil. ;
_c23 cm.
500 _aIncluye glosario de términos seleccionados.
590 _aInventariado, 2020/ DG
700 1 _aPichardo, Susan
_954808
910 _aEn proceso
942 _2ddc
_cLF1
999 _c27223
_d27223